00850nam a2200205 a 4500001001000000003000500010005001700015008004100032010001100073011001100084040000900095100002900104245017500133260004200308500006000350502009500410650004400505650002500549856007000574000109088CHAP20220329144036.0140402s2013 mx a sm |||||||spa d a105550 a106522 cCHAP1 aLópez García, Raúl10aEvaluación de la condición corporal de los individuos juveniles de Gopherus flavomarginatus bajo condiciones de cautiverioh[En línea]cpor Raúl López García. aChapingo, Méx. :bEl autor.,c2013. aPara ver el contenido del material haga clic en la liga aTesis (Ing. Agr. Esp. en Sistemas Agrícolas ) -- UACH. Dirección de Centros Regionales14aGopherus flavomarginatusxMorfología.14aTortugaxCautiverio. aFinding aiduhttp://10.13.5.2/tesis/sist109088.pdfzTeclea aquí